| 000 | 00439nam a2200181Ia 4500 | ||
|---|---|---|---|
| 003 | GCL | ||
| 008 | 140319s9999 xx 000 0 eng d | ||
| 040 |
_aGCL / _cGCL |
||
| 082 | 0 | 4 |
_a723.3 _bH A |
| 100 | 1 | _aHOAG, JOHN D | |
| 245 | 1 | 0 |
_aARCHITECTURE ISLAMIQUE / _cHOAG, JOHN D |
| 260 |
_a[S.N] : _bGALLIMARD \ ELECTA ، _c1991 |
||
| 300 | _a197 P | ||
| 650 | 0 | 4 | _aشيعة |
| 650 | 0 | 4 | _aART |
| 650 | 0 | 4 | _aARCHITECTURE |
| 942 |
_2ddc _cBK |
||
| 999 |
_c13732 _d13732 |
||